书目信息 |
| 题名: |
FBI推理术
|
|
| 作者: | 崔明磊 著 | |
| 分册: | ||
| 出版信息: | 北京 中国法制出版社 2017 |
|
| 页数: | 260页 | |
| 开本: | 24cm | |
| 丛书名: | ||
| 单 册: | ||
| 中图分类: | B812.23-49 | |
| 科图分类: | ||
| 主题词: | 推理--通俗读物 | |
| 电子资源: | ||
| ISBN: | 978-7-5093-8602-6 | |
| 000 | 00751nam0 2200229 450 | |
| 001 | 1670 | |
| 005 | 20180524111653.85 | |
| 010 | @a978-7-5093-8602-6@dCNY39.80 | |
| 100 | @a20170905d2017 em y0chiy50 ea | |
| 101 | 0 | @achi |
| 102 | @aCN@b110000 | |
| 105 | @ay z 000yy | |
| 200 | 1 | @aFBI推理术@9FBI tui li shu@e美国联邦警察破案精华帮你提高逻辑推理能力@f崔明磊著 |
| 205 | @a5版 | |
| 210 | @a北京@c中国法制出版社@d2017 | |
| 215 | @a260页@d24cm | |
| 517 | 1 | @a美国联邦警察破案精华帮你提高逻辑推理能力@9mei guo lian bang jing cha po an jing hua bang ni ti gao luo ji tui li neng li |
| 606 | 0 | @a推理@j通俗读物 |
| 690 | @aB812.23-49@v5 | |
| 701 | 0 | @a崔明磊@9cui ming lei@4著 |
| 801 | 0 | @aCN@b91MARC@c20170905 |
| 905 | @aMuseLib@dB812.23-49@e262=5 | |
| FBI推理术:美国联邦警察破案精华帮你提高逻辑推理能力/崔明磊著.-5版.-北京:中国法制出版社,2017 |
| 260页;24cm |
| ISBN 978-7-5093-8602-6:CNY39.80 |
| ● |
| 相关链接 |
|
|
|
|
正题名:FBI推理术
索取号:B812.23-49/262=5
 
预约/预借
| 序号 | 登录号 | 条形码 | 馆藏地/架位号 | 状态 | 备注 |
| 1 | 1105901 | 211059012 | 第一样本阅览室/ [索取号:B812.23-49/262=5] | 在馆 | |
| 2 | 1105902 | 211059021 | 教育系资料室/ [索取号:B812.23-49/262=5] | 在馆 | |
| 3 | 1105903 | 211059030 | 教育系资料室/ [索取号:B812.23-49/262=5] | 在馆 | |
| 4 | 1105904 | 211059049 | 教育系资料室/ [索取号:B812.23-49/262=5] | 在馆 | |
| 5 | 1105905 | 211059058 | 第一借阅区/ [索取号:B812.23-49/262=5] | 在馆 | |
| 6 | 1105906 | 211059067 | 第一借阅区/ [索取号:B812.23-49/262=5] | 在馆 |